[Event "Viljandi Valgmae Memorial"]
[Site "Viljandi"]
[Date "2021.07.03"]
[Round "6"]
[White "Tarakanov, Oleg"]
[Black "Kiik, Kalle"]
[Result "0-1"]
[WhiteElo "2118"]
[BlackElo "2382"]
[PlyCount "48"]
[EventDate "2021.07.03"]
[EventType "swiss"]
[EventRounds "9"]
[EventCountry "EST"]
[SourceTitle "CBM 203 Extra"]
[Source "ChessBase"]
[SourceDate "2021.09.30"]
[SourceVersion "1"]
[SourceVersionDate "2021.09.30"]
[SourceQuality "1"]

1. e4 c5 2. Nf3 g6 3. c3 Bg7 4. d4 cxd4 5. cxd4 d5 6. e5 a6 7. Bd3 Bg4 8. Nbd2 Qd7 9. 0-0 Nc6 10. h3 Bf5 11. Nb3 b6 12. Bf4 e6 13. Bxf5 gxf5 14. Qd2 Nge7 15. Rac1 Ng6 16. Bg5 0-0 17. Bf6 h6 18. h4 Kh7 19. Ng5+ hxg5 20. Bxg7 Kxg7 21. Qxg5 Rac8 22. Rc3 Qe7 23. Qd2 Qxh4 24. Rh3 Qf4 0-1

[Event "Viljandi Valgmae Memorial"]
[Site "Viljandi"]
[Date "2021.07.03"]
[Round "2"]
[White "Tarakanov, Oleg"]
[Black "Volodin, Aleksandr"]
[Result "0-1"]
[WhiteElo "2118"]
[BlackElo "2457"]
[PlyCount "78"]
[EventDate "2021.07.03"]
[EventType "swiss"]
[EventRounds "9"]
[EventCountry "EST"]
[SourceTitle "CBM 203 Extra"]
[Source "ChessBase"]
[SourceDate "2021.09.30"]
[SourceVersion "1"]
[SourceVersionDate "2021.09.30"]
[SourceQuality "1"]

1. e4 c5 2. Nf3 d6 3. c3 Nf6 4. Bc4 e6 5. Qe2 Be7 6. d4 cxd4 7. cxd4 d5 8. Bb5+ Bd7 9. Bxd7+ Qxd7 10. e5 Ne4 11. 0-0 Nc6 12. Nbd2 Nxd2 13. Bxd2 0-0 14. Rfd1 a6 15. Rac1 h6 16. a3 Rac8 17. Qd3 Na7 18. g4 Nc6 19. g5 h5 20. Kg2 g6 21. Nh4 Kg7 22. f4 Bd8 23. Nf3 Bb6 24. b4 Ne7 25. Rxc8 Rxc8 26. Rc1 Ra8 27. Be3 Qa4 28. Bf2 Nc6 29. Rc3 Na7 30. Qc2 Qb5 31. Be1 Qd7 32. a4 Nc6 33. b5 axb5 34. axb5 Nxd4 35. Nxd4 Bxd4 36. Rc7 Qxb5 37. Rc8 Rxc8 38. Qxc8 Qe2+ 39. Kh3 Qg4# 0-1

[Event "Pardubice op rapid 30th"]
[Site "Pardubice"]
[Date "2019.07.19"]
[Round "8"]
[White "Ret, Adam Josef"]
[Black "Tarakanov, Oleg"]
[Result "0-1"]
[WhiteElo "1943"]
[BlackElo "2118"]
[PlyCount "108"]
[EventDate "2019.07.17"]
[EventType "swiss (rapid)"]
[EventRounds "9"]
[EventCountry "CZE"]
[SourceTitle "CBM 191 Extra"]
[Source "ChessBase"]
[SourceDate "2019.09.30"]
[SourceVersion "1"]
[SourceVersionDate "2019.09.30"]
[SourceQuality "1"]

1. d4 d5 2. c4 c6 3. cxd5 cxd5 4. Nc3 Nf6 5. Bf4 g6 6. e3 Bg7 7. Nf3 0-0 8. Bd3 Nc6 9. a3 a6 10. h3 b6 11. 0-0 Bb7 12. b4 b5 13. Nd2 Nd7 14. Nb3 e5 15. dxe5 Ncxe5 16. Rc1 Nc4 17. Bxc4 dxc4 18. Na5 Ra7 19. Nxb7 Rxb7 20. Qd5 Qc8 21. Rfd1 Nb6 22. Qf3 Rd7 23. Rxd7 Qxd7 24. Rd1 Qc8 25. Ne4 c3 26. Rc1 Qc4 27. Nxc3 Bxc3 28. Be5 Bxe5 29. Rxc4 Nxc4 30. Qc6 Nxa3 31. Qxa6 Bb2 32. Qc6 Rd8 33. g3 h5 34. Kg2 Kg7 35. g4 hxg4 36. hxg4 Rd2 37. Kf3 Rc2 38. Qd5 Rc4 39. Qd6 Bc3 40. g5 Rxb4 41. Qc5 Nb1 42. Qd5 Nd2+ 43. Kg2 Rg4+ 44. Kh3 Rb4 45. Kg2 Nc4 46. Qf3 Rb2 47. Qh3 Ne5 48. Qc8 b4 49. Qa6 Ng4 50. Kg3 Nxf2 51. Qc6 Re2 52. Kf3 Rd2 53. Qc4 Nd3 54. e4 Ne5+ 0-1

[Event "Pardubice op rapid 30th"]
[Site "Pardubice"]
[Date "2019.07.18"]
[Round "4"]
[White "Dev, Shah"]
[Black "Tarakanov, Oleg"]
[Result "1-0"]
[WhiteElo "2147"]
[BlackElo "2118"]
[PlyCount "47"]
[EventDate "2019.07.17"]
[EventType "swiss (rapid)"]
[EventRounds "9"]
[EventCountry "CZE"]
[SourceTitle "CBM 191 Extra"]
[Source "ChessBase"]
[SourceDate "2019.09.30"]
[SourceVersion "1"]
[SourceVersionDate "2019.09.30"]
[SourceQuality "1"]

1. d4 d5 2. c4 c6 3. Nc3 Nf6 4. Nf3 Bf5 5. cxd5 cxd5 6. Qb3 Qb6 7. Nxd5 Nxd5 8. Qxd5 e6 9. Qb3 Nc6 10. Bd2 Bb4 11. e3 0-0 12. a3 Bxd2+ 13. Nxd2 Rfd8 14. Qxb6 axb6 15. Rc1 e5 16. e4 Bg6 17. d5 Nd4 18. Bd3 f5 19. f3 b5 20. Kf2 fxe4 21. fxe4 b4 22. axb4 Ra2 23. Rb1 Rxd5 24. Bc4 1-0

[Event "Pardubice op rapid 30th"]
[Site "Pardubice"]
[Date "2019.07.17"]
[Round "2"]
[White "Pulpan, Jakub"]
[Black "Tarakanov, Oleg"]
[Result "1-0"]
[WhiteElo "2414"]
[BlackElo "2118"]
[PlyCount "55"]
[EventDate "2019.07.17"]
[EventType "swiss (rapid)"]
[EventRounds "9"]
[EventCountry "CZE"]
[SourceTitle "CBM 191 Extra"]
[Source "ChessBase"]
[SourceDate "2019.09.30"]
[SourceVersion "1"]
[SourceVersionDate "2019.09.30"]
[SourceQuality "1"]

1. e4 e5 2. Nf3 Nc6 3. Bc4 Nf6 4. Ng5 d5 5. exd5 Na5 6. Bb5+ c6 7. dxc6 bxc6 8. Bd3 h6 9. Ne4 Nd5 10. Ng3 Bd6 11. 0-0 0-0 12. Bf5 Nf4 13. d3 Nb7 14. Nc3 Bc7 15. Qg4 Nd6 16. Bxc8 Qxc8 17. Qxc8 Rfxc8 18. Re1 Nb5 19. Nxb5 cxb5 20. Bxf4 exf4 21. Nf5 Kf8 22. Ne7 Rd8 23. a4 Rd7 24. Nc6 bxa4 25. Rxa4 Bb6 26. Rxf4 Rc8 27. Ne5 Re7 28. Ng6+ 1-0

[Event "Pardubice op rapid 29th"]
[Site "Pardubice"]
[Date "2018.07.19"]
[Round "8"]
[White "Tarakanov, Oleg"]
[Black "Michelle, Catherina P"]
[Result "0-1"]
[WhiteElo "2123"]
[BlackElo "2069"]
[PlyCount "134"]
[EventDate "2018.07.18"]
[EventType "swiss (rapid)"]
[EventRounds "9"]
[EventCountry "CZE"]
[SourceTitle "CBM 185 Extra"]
[Source "ChessBase"]
[SourceDate "2018.07.29"]
[SourceVersion "1"]
[SourceVersionDate "2018.07.29"]
[SourceQuality "1"]

1. e4 e5 2. Nf3 Nc6 3. d4 exd4 4. c3 d5 5. exd5 Qxd5 6. cxd4 Bg4 7. Be2 0-0-0 8. Be3 Nf6 9. Nc3 Qd7 10. 0-0 Bxf3 11. Bxf3 Nxd4 12. Bxd4 Qxd4 13. Qb3 Qb6 14. Qxf7 Rd7 15. Qc4 Qb4 16. Qe2 Bd6 17. a3 Qb6 18. Rfe1 Re7 19. Qc2 Rhe8 20. Rxe7 Bxe7 21. Rc1 Bd6 22. b4 a6 23. Qd3 Kb8 24. g3 Nd7 25. Qd5 Nf6 26. Qc4 Rf8 27. Kg2 Nd7 28. Qd5 Ne5 29. Na4 Qb5 30. Nc3 Qb6 31. Na4 Qb5 32. Nc3 Qb6 33. Na4 Qb5 34. Nc3 Qb6 35. Na4 Qa7 36. Be4 Qxf2+ 37. Kh1 Qa7 38. Nc5 Bxc5 39. bxc5 Nc6 40. Rb1 Na5 41. Rd1 Ka8 42. Rb1 Kb8 43. Kg2 Ka8 44. h4 h6 45. Qe5 Rc8 46. Rc1 g5 47. h5 Nc6 48. Qe6 Rd8 49. Qxh6 Nd4 50. Qxg5 Qb8 51. Qf6 c6 52. h6 Ne2 53. Rb1 Qxg3+ 54. Kf1 Re8 55. Qf3 Qh4 56. Qxe2 Rxe4 57. Qg2 Rg4 58. Qb2 Qh1+ 59. Ke2 Rg2+ 60. Kd3 Qh3+ 61. Kc4 Rg4+ 62. Qd4 Rxd4+ 63. Kxd4 Qxh6 64. Rb3 Qf4+ 65. Kc3 Qe3+ 66. Kc4 Qe4+ 67. Kc3 Qd5 0-1

[Event "Pardubice op rapid 28th"]
[Site "Pardubice"]
[Date "2017.07.20"]
[Round "5"]
[White "Tarakanov, Oleg"]
[Black "Grishaev, Igor"]
[Result "0-1"]
[WhiteElo "2149"]
[BlackElo "1937"]
[PlyCount "52"]
[EventDate "2017.07.19"]
[EventType "swiss (rapid)"]
[EventRounds "9"]
[EventCountry "CZE"]
[SourceTitle "CBM 179 Extra"]
[Source "ChessBase"]
[SourceDate "2017.08.23"]
[SourceVersion "1"]
[SourceVersionDate "2017.08.23"]
[SourceQuality "1"]

1. e4 c5 2. Nf3 d6 3. c3 Nf6 4. Bc4 Nc6 5. Qe2 e5 6. Ng5 d5 7. exd5 Nxd5 8. d4 cxd4 9. cxd4 Bb4+ 10. Bd2 Bxd2+ 11. Nxd2 0-0 12. Bxd5 Qxd5 13. 0-0 exd4 14. Ngf3 Bg4 15. Rfd1 Rfe8 16. Qf1 Rad8 17. h3 Bh5 18. Re1 d3 19. b3 Nd4 20. Rxe8+ Rxe8 21. Nxd4 Qxd4 22. Qc1 h6 23. Nc4 Re2 24. Ne3 d2 25. Qc8+ Kh7 26. Rd1 Rxe3 0-1

[Event "Pardubice op rapid 28th"]
[Site "Pardubice"]
[Date "2017.07.20"]
[Round "9"]
[White "Tarakanov, Oleg"]
[Black "Slovak, Kilian"]
[Result "1-0"]
[WhiteElo "2149"]
[BlackElo "2254"]
[PlyCount "85"]
[EventDate "2017.07.19"]
[EventType "swiss (rapid)"]
[EventRounds "9"]
[EventCountry "CZE"]
[SourceTitle "CBM 179 Extra"]
[Source "ChessBase"]
[SourceDate "2017.08.23"]
[SourceVersion "1"]
[SourceVersionDate "2017.08.23"]
[SourceQuality "1"]

1. e4 c5 2. Nf3 Nc6 3. Bb5 g6 4. 0-0 Bg7 5. c3 Nf6 6. Re1 0-0 7. d4 cxd4 8. cxd4 d5 9. e5 Ne4 10. Nc3 Nxc3 11. bxc3 Bf5 12. Bd3 Bxd3 13. Qxd3 Rc8 14. Rb1 b6 15. e6 f6 16. Nh4 Na5 17. Re3 Nc4 18. Rg3 f5 19. Bg5 Nd6 20. f3 Qc7 21. Re1 Rfe8 22. Bd2 Qc4 23. Qe3 Qxa2 24. Qg5 Bf6 25. Qh6 Bg7 26. Qg5 Rf8 27. Nxg6 hxg6 28. Qxg6 Ne8 29. Bh6 Rf6 30. Qg5 Rxh6 31. Qxh6 f4 32. Qxf4 Nf6 33. Qg5 Ne8 34. Qg6 Qd2 35. Qf7+ Kh8 36. Rh3+ Bh6 37. Qf8+ Kh7 38. Qxe7+ Ng7 39. Qh4 Rxc3 40. e7 Rc1 41. Qxh6+ Qxh6 42. Rxh6+ Kxh6 43. Rxc1 1-0

[Event "Pardubice op rapid 27th"]
[Site "Pardubice"]
[Date "2016.07.20"]
[Round "1"]
[White "Hasangatin, Ramil"]
[Black "Tarakanov, Oleg"]
[Result "1-0"]
[WhiteElo "2505"]
[BlackElo "2170"]
[PlyCount "109"]
[EventDate "2016.07.20"]
[EventType "swiss (rapid)"]
[EventRounds "9"]
[EventCountry "CZE"]
[SourceTitle "CBM 173 Extra"]
[Source "ChessBase"]
[SourceDate "2016.08.29"]
[SourceVersion "1"]
[SourceVersionDate "2016.08.29"]
[SourceQuality "1"]

1. e4 e5 2. Nf3 Nc6 3. d4 exd4 4. Nxd4 d6 5. Bb5 Bd7 6. Bxc6 bxc6 7. Nc3 g6 8. Be3 Bg7 9. Qd2 Nf6 10. Bh6 0-0 11. Bxg7 Kxg7 12. 0-0 Re8 13. Rfe1 c5 14. Nb3 Bc6 15. f3 Rb8 16. Na5 Ba8 17. Nc4 Nd7 18. b3 Qf6 19. Rad1 Ne5 20. Ne3 Qg5 21. Kh1 Qh5 22. Ncd5 Rbc8 23. Qc3 f6 24. Qd2 c6 25. Nf4 Qh6 26. Ne2 d5 27. Ng3 Kh8 28. Qf2 d4 29. Nef1 Bb7 30. f4 Nf7 31. Nd2 Ba6 32. Rc1 Rcd8 33. c4 Bc8 34. Kg1 Re7 35. h3 Rde8 36. Re2 Kg8 37. Rce1 Qg7 38. Qf3 Bd7 39. Nh1 h5 40. Nf2 Nh6 41. Nd3 g5 42. Qxh5 g4 43. Nxc5 Bc8 44. Kf2 gxh3 45. gxh3 Kh7 46. Rg1 Qf7 47. Qxf7+ Nxf7 48. Rg3 Nd6 49. Rd3 Nf5 50. Nf3 Kh6 51. Re1 Ng7 52. Rxd4 Ne6 53. Nxe6 Rxe6 54. c5 R8e7 55. f5 1-0

[Event "Pardubice op rap 26th"]
[Site "Pardubice"]
[Date "2015.07.22"]
[Round "3"]
[White "Johnova, Eliska"]
[Black "Tarakanov, Oleg"]
[Result "0-1"]
[WhiteElo "1879"]
[BlackElo "2164"]
[PlyCount "84"]
[EventDate "2015.07.22"]
[EventType "swiss (rapid)"]
[EventRounds "9"]
[EventCountry "CZE"]
[SourceTitle "CBM 167 Extra"]
[Source "ChessBase"]
[SourceDate "2015.09.14"]
[SourceVersion "1"]
[SourceVersionDate "2015.09.14"]
[SourceQuality "1"]

1. e4 e5 2. Nc3 Nf6 3. f4 d5 4. fxe5 Nxe4 5. d3 Nxc3 6. bxc3 c5 7. Nf3 Nc6 8. Be2 Be6 9. d4 Qa5 10. Bd2 Qa4 11. Be3 0-0-0 12. 0-0 h6 13. Qb1 c4 14. a3 Be7 15. Qa2 g5 16. Rfb1 Rdg8 17. Qb2 b6 18. Rd1 Kc7 19. Nd2 Na5 20. Bf2 h5 21. Nf1 g4 22. Ne3 h4 23. g3 Rg6 24. Rf1 Qd7 25. a4 Bg5 26. Nd1 Rgh6 27. Qb5 Qe7 28. Qb4 Qd8 29. Ne3 hxg3 30. Nxg4 gxf2+ 31. Kxf2 Bh4+ 32. Kg2 Be7 33. Qb5 Bxg4 34. Bxg4 Rxh2+ 35. Kf3 R8h3+ 36. Kf4 Rh4 37. Kf3 Rxg4 38. Kxg4 Qg8+ 39. Kf4 Qg5+ 40. Kf3 Qg2+ 41. Kf4 Rh4+ 42. Kf5 Qg6# 0-1

[Event "Pardubice op rap 25th"]
[Site "Pardubice"]
[Date "2014.07.17"]
[Round "6"]
[White "Jansa, Vlastimil"]
[Black "Tarakanov, Oleg"]
[Result "1-0"]
[WhiteElo "2453"]
[BlackElo "2161"]
[PlyCount "73"]
[EventDate "2014.07.16"]
[EventType "swiss (rapid)"]
[EventRounds "9"]
[EventCountry "CZE"]
[SourceTitle "EXT 2015"]
[Source "ChessBase"]
[SourceDate "2014.11.20"]
[SourceVersion "1"]
[SourceVersionDate "2014.11.20"]
[SourceQuality "1"]

1. e4 e5 2. Nf3 Nc6 3. Bb5 a6 4. Ba4 f5 5. d4 exd4 6. e5 Bc5 7. 0-0 Nge7 8. Bb3 d5 9. exd6 Qxd6 10. Nbd2 h6 11. Re1 Bd7 12. Nc4 Qf6 13. Nce5 0-0-0 14. Nf7 g5 15. Nxh8 Qxh8 16. Qe2 Kb8 17. Ne5 Be8 18. Bd2 f4 19. Nd3 Bd6 20. c4 dxc3 21. Bxc3 Qh7 22. Rad1 Bg6 23. Ne5 Nxe5 24. Bxe5 Nf5 25. Bxd6 Nxd6 26. Qe7 Qh8 27. Rc1 Nb5 28. a4 Re8 29. Qc5 Rxe1+ 30. Rxe1 Nd4 31. Bd5 Be8 32. a5 Bb5 33. h3 Ne2+ 34. Kh2 Qxb2 35. Bc4 Qd4 36. Qf8+ Ka7 37. Bxb5 1-0

[Event "Pardubice op rap 25th"]
[Site "Pardubice"]
[Date "2014.07.17"]
[Round "8"]
[White "Nguyen, Thai Dai Van"]
[Black "Tarakanov, Oleg"]
[Result "0-1"]
[WhiteElo "2261"]
[BlackElo "2161"]
[PlyCount "58"]
[EventDate "2014.07.16"]
[EventType "swiss (rapid)"]
[EventRounds "9"]
[EventCountry "CZE"]
[SourceTitle "EXT 2015"]
[Source "ChessBase"]
[SourceDate "2014.11.20"]
[SourceVersion "1"]
[SourceVersionDate "2014.11.20"]
[SourceQuality "1"]

1. e4 e5 2. Nf3 Nc6 3. Bb5 a6 4. Ba4 f5 5. Nc3 b5 6. Bb3 b4 7. Nd5 fxe4 8. Ng5 Qxg5 9. Nxc7+ Kd8 10. Nxa8 Qxg2 11. Rf1 Nf6 12. d3 Bc5 13. Be3 Nd4 14. c3 Nf3+ 15. Ke2 Bxe3 16. Kxe3 Ng4+ 17. Ke2 Bb7 18. dxe4 Bxa8 19. Bd5 Bxd5 20. Qxd5 Rf8 21. Qc5 Rf4 22. Qb6+ Ke8 23. Qb8+ Kf7 24. Rad1 Nf6 25. Rd3 Rxe4+ 26. Re3 Nxh2 27. Re1 Rxe3+ 28. Kxe3 Qe4+ 29. Kd2 Nf3+ 0-1

[Event "Pardubice op rap 21st"]
[Site "Pardubice"]
[Date "2010.07.21"]
[Round "1"]
[White "Gabrielian, Artur"]
[Black "Tarakanov, Oleg"]
[Result "1-0"]
[WhiteElo "2559"]
[BlackElo "2165"]
[PlyCount "85"]
[EventDate "2010.07.21"]
[EventType "swiss (rapid)"]
[EventRounds "9"]
[EventCountry "CZE"]
[SourceTitle "CBM 137 Extra"]
[Source "ChessBase"]
[SourceDate "2010.09.01"]
[SourceVersion "1"]
[SourceVersionDate "2010.09.01"]
[SourceQuality "1"]

1. e4 e5 2. f4 exf4 3. Nf3 d5 4. exd5 Nf6 5. Bc4 Nxd5 6. Bxd5 Qxd5 7. d4 Bb4+ 8. Bd2 Qe4+ 9. Kf2 Bxd2 10. Qxd2 0-0 11. Re1 Qg6 12. Nc3 c6 13. Qxf4 Qxc2+ 14. Re2 Qf5 15. Qd6 Be6 16. Rae1 Na6 17. Qe7 Bc4 18. Re4 Rab8 19. Kg1 f6 20. d5 Bxd5 21. Nd4 Qh5 22. Nxd5 Qxd5 23. Rg4 Rf7 24. Qe3 Rd8 25. Ne6 Re8 26. Rd4 Qf5 27. Re4 Rfe7 28. Qb3 Qd5 29. Qe3 Nc7 30. Nxc7 Qxe4 31. Qb3+ Rf7 32. Rxe4 Rxe4 33. h3 Ree7 34. Ne6 Re8 35. Kh2 b6 36. Nd4 c5 37. Nf5 Rd8 38. Qe6 Kf8 39. a4 Re8 40. Qd5 g6 41. Nh6 Rg7 42. Qd6+ Ree7 43. Qd8+ 1-0

[Event "EST-chT 23th"]
[Site "Tallinn"]
[Date "2008.??.??"]
[Round "2"]
[White "Tarakanov, Oleg"]
[Black "Korstin, Maris"]
[Result "0-1"]
[WhiteElo "2173"]
[BlackElo "2241"]
[PlyCount "62"]
[EventDate "2008.05.08"]
[EventType "team-tourn"]
[EventRounds "7"]
[EventCountry "EST"]
[SourceTitle "EXT 2016"]
[Source "ChessBase"]
[SourceDate "2015.10.08"]
[SourceVersion "1"]
[SourceVersionDate "2015.10.08"]
[SourceQuality "1"]

1. e4 c5 2. Nf3 Nc6 3. b3 d6 4. Bb5 Bd7 5. 0-0 Nf6 6. d3 g6 7. Bxc6 Bxc6 8. c4 Bg7 9. Bb2 0-0 10. Qe2 e6 11. Nbd2 b6 12. Rad1 d5 13. Ne5 Bb7 14. f4 Qc7 15. g4 dxe4 16. dxe4 Rad8 17. g5 Nh5 18. Qe3 Rd6 19. Ndf3 Rfd8 20. Rxd6 Qxd6 21. Bc1 h6 22. Bb2 f6 23. Nxg6 fxg5 24. Bxg7 Kxg7 25. fxg5 Kxg6 26. Nh4+ Kh7 27. g6+ Kg8 28. Qxh6 Qd4+ 29. Rf2 Nf6 30. g7 Bxe4 31. Qxf6 Qd1+ 0-1

[Event "EST-chT 21st"]
[Site "Tallinn"]
[Date "2006.03.26"]
[Round "6"]
[White "Karjakin, Sergei"]
[Black "Tarakanov, Oleg"]
[Result "1/2-1/2"]
[WhiteElo "2203"]
[BlackElo "2200"]
[PlyCount "80"]
[EventDate "2006.03.23"]
[EventType "team"]
[EventRounds "7"]
[EventCountry "EST"]
[SourceTitle "EXT 2007"]
[Source "ChessBase"]
[SourceDate "2006.11.23"]
[SourceVersion "1"]
[SourceVersionDate "2006.11.23"]
[SourceQuality "1"]
[WhiteTeam "Vabaettur II"]
[BlackTeam "Kadrioru MK"]
[WhiteTeamCountry "EST"]
[BlackTeamCountry "EST"]

1. d4 d5 2. c4 c6 3. Nc3 Nf6 4. Nf3 e6 5. Bg5 Nbd7 6. e3 Qa5 7. cxd5 exd5 8. Bd3 h6 9. Bf4 Be7 10. 0-0 0-0 11. a3 a6 12. b4 Qd8 13. h3 Re8 14. Qc2 Nf8 15. Ne5 N6d7 16. Rad1 Nxe5 17. Bxe5 Be6 18. Na4 Bc8 19. Nc5 b6 20. Nb3 Bb7 21. Rb1 Bd6 22. Bxd6 Qxd6 23. a4 Nd7 24. a5 b5 25. Rfc1 Rad8 26. Bf5 Nb8 27. Nc5 Bc8 28. Rb3 g6 29. Bd3 Nd7 30. Rc3 Nxc5 31. Rxc5 Bd7 32. Be2 Re7 33. Bg4 Be8 34. g3 Kg7 35. h4 h5 36. Bf3 Qf6 37. Bg2 Rd6 38. Qd1 Bd7 39. Qf3 Qxf3 40. Bxf3 f5 1/2-1/2

[Event "Turku We TuTS"]
[Site "Turku"]
[Date "2003.??.??"]
[Round "3"]
[White "Kiik, Kalle"]
[Black "Tarakanov, Oleg"]
[Result "1/2-1/2"]
[WhiteElo "2450"]
[BlackElo "2224"]
[PlyCount "164"]
[EventDate "2003.??.??"]
[EventType "swiss"]
[EventRounds "5"]
[EventCountry "FIN"]
[SourceTitle "EXT 2022"]
[Source "ChessBase"]
[SourceDate "2021.10.06"]
[SourceVersion "1"]
[SourceVersionDate "2021.10.06"]
[SourceQuality "1"]

1. c4 e5 2. g3 Nf6 3. Bg2 Bc5 4. Nc3 0-0 5. e3 Re8 6. Nge2 Nc6 7. 0-0 Bf8 8. a3 a5 9. d3 d6 10. Rb1 Be6 11. Nd5 Nd7 12. Nec3 Qb8 13. Nb5 Rc8 14. f4 f6 15. Nbc3 Nd8 16. Ne2 c6 17. Ndc3 Qc7 18. Kh1 Nb6 19. e4 Bg4 20. f5 Qe7 21. h3 Bh5 22. Be3 Nd7 23. Qd2 Bf7 24. g4 g5 25. b4 axb4 26. axb4 h6 27. Ra1 d5 28. exd5 Qxb4 29. Rxa8 Rxa8 30. Rb1 Qa5 31. dxc6 bxc6 32. Ne4 Qxd2 33. Bxd2 Ra3 34. N2c3 Be7 35. Bc1 Ra5 36. Be3 Kf8 37. Kg1 Ke8 38. Kf2 h5 39. Bf3 h4 40. Ke2 Kf8 41. Kd2 Ke8 42. Bd1 Kf8 43. Na4 Ke8 44. Bc2 Bg8 45. Ke2 Bf7 46. Bd2 Ra6 47. Bc3 Bg8 48. Kd2 Bf7 49. Bb4 Bxb4+ 50. Rxb4 Ke7 51. Kc3 Be8 52. Rb1 Ra5 53. Bd1 Bf7 54. Kd2 Be8 55. Nec3 Ra6 56. Bf3 Bf7 57. Be4 Kd6 58. Kc2 Be8 59. Rb4 Bf7 60. Bf3 Ke7 61. Be4 Kd6 62. Kb2 Ke7 63. Bf3 Be8 64. Ne4 Ra5 65. Nb6 Nxb6 66. Rxb6 Ra8 67. Nc5 Kd6 68. Nb3 Kc7 69. Rb4 Nb7 70. Bg2 Ra7 71. Bf3 Bf7 72. Bg2 Bg8 73. d4 exd4 74. Nxd4 Ra6 75. Nxc6 Rxc6 76. Bxc6 Kxc6 77. Kc3 Nd6 78. Kd4 Bf7 79. Ra4 Bxc4 80. Rxc4+ Nxc4 81. Kxc4 Kd6 82. Kd4 Kc6 1/2-1/2

[Event "Helsinki-Tallinn m"]
[Site "Helsinki"]
[Date "2001.10.28"]
[Round "?"]
[White "Tarakanov, Oleg"]
[Black "Katajainen, Kimmo"]
[Result "1-0"]
[WhiteElo "2172"]
[BlackElo "2010"]
[PlyCount "83"]
[EventDate "2001.10.28"]
[EventType "match"]
[EventRounds "1"]
[EventCountry "FIN"]
[SourceTitle "EXT 2002"]
[Source "ChessBase"]
[SourceDate "2001.11.25"]
[SourceVersion "1"]
[SourceVersionDate "2001.11.25"]
[SourceQuality "1"]

1. e4 c5 2. Nf3 e6 3. c3 d6 4. d4 cxd4 5. cxd4 Nf6 6. Nc3 Be7 7. Bd3 h6 8. 0-0 Nc6 9. Qe2 e5 10. d5 Nb8 11. h3 a6 12. a4 Nbd7 13. Bc2 g5 14. Nh2 Nf8 15. h4 gxh4 16. f4 exf4 17. e5 dxe5 18. Qxe5 Qd6 19. Bxf4 Qxe5 20. Bxe5 N8d7 21. Bd4 Rg8 22. Rae1 Kf8 23. Rxe7 Kxe7 24. d6+ Kxd6 25. Bxf6 h3 26. Ne4+ Kc7 27. g4 h5 28. Bh4 hxg4 29. Rxf7 b5 30. a5 Kc6 31. Bg3 Rf8 32. Rg7 Kd5 33. Nxg4 b4 34. Rg5+ Kc6 35. Ba4+ Kb7 36. Rg7 h2+ 37. Kxh2 Rh8+ 38. Kg2 Rd8 39. Nc5+ Ka7 40. Ne5 Bb7+ 41. Nxb7 Nxe5 42. Nxd8+ 1-0